000 00335nam a2200133Ia 4500
999 _c10114
_d10114
020 _a9788126516858
082 _a658.16
100 _aWilliam L.Cron ; Thomas E. DeCarlo
245 0 _aDalrymple's Sales Management
250 _aNinth Edition
260 _aNew Delhi
_bJohn Wiley & Sons
_c2006
300 _axx, 543 pages
942 _cBK